[Event "EU-ch 5th"]
[Site "Antalya"]
[Date "2004.05.18"]
[Round "4"]
[White "Cheparinov, Ivan"]
[Black "Erdogdu, Mert"]
[Result "1-0"]
[WhiteElo "2555"]
[BlackElo "2369"]
[Annotator "Postny,E"]
[PlyCount "73"]
[EventDate "2004.05.15"]
[EventType "swiss"]
[EventRounds "13"]
[EventCountry "TUR"]
[SourceTitle "CBM 101"]
[Source "ChessBase"]
[SourceDate "2004.07.27"]
[SourceVersion "1"]
[SourceVersionDate "2004.07.27"]
[SourceQuality "1"]

1. e4 e5 2. Nf3 Nc6 3. Bb5 a6 4. Ba4 Nf6 5. O-O Nxe4 6. d4 b5 7. Bb3 d5 8. dxe5
Be6 9. Nbd2 ({Solid alternative} 9. Be3 {does not yield white much.}) 9... Nc5
10. c3 Be7 ({Dubious is} 10... Nxb3 $6 {--> Leitao,R-Sega,C/Sao Paulo 2002/CBM
88 [Postny,E]}) ({Rare line is} 10... g6 {--> Baramidze,D-Belikov,V/Dortmund
2003/CBM 97 [Postny,E]}) ({Sharp alternative is} 10... d4) 11. Bc2 Bg4 {
Pinning the Nf3 and setting free the e6 square for the Nc5 as well.} (11... d4
{appeared in the game Svidler,P-Kaidanov,G/Moscow 2003/CBM 94 [Postny,E]}) 12.
Re1 Qd7 ({The main line goes with} 12... O-O {, fow example see the annotated
game Polzin,R-Holzke,F/Bundesliga 0304/CBM 100 [Postny,E]}) 13. Nf1 (13. Nb3
Ne6 14. h3 Bh5 15. Bf5 {1/2-1/2 Leko,P-Piket,J/Wijk aan Zee 2000/CBM 75 
[Mikhalevski,V] (46)}) 13... Rd8 14. Ne3 (14. Ng3 d4 15. h3 d3 16. hxg4 dxc2
17. Qxd7+ Rxd7 18. Nf5 Nd3 19. Re2 O-O 20. N5d4 Nxd4 21. cxd4 c5 22. Rd2 Nxc1
23. Rxc1 cxd4 24. Rcxc2 d3 25. Rc3 Rfd8 26. Rb3 Rd5 27. Kf1 h6 28. Ne1 Rxe5 {
1/2-1/2 Vokarev,S-Golod,V/Ubeda 2001/CBM 80 ext (28)}) 14... Bh5 (14... Bxf3 $2
15. Qxf3 Nxe5 16. Qg3 Ng6 17. Nf5 Ne6 18. h4 $40 {1-0 Hracek,Z-Zapolskis,A/
Batumi 1999/CBM 74 [Mikhalevski,V] (41)}) 15. b4 Ne6 16. g4 {On the one hand
this move weakens white's king position, on the other hand white will not be
bothered anymore by annoying pin along the h5-d1 diagonal and will get f5
stronghold for his pieces.} (16. Nf5 O-O 17. a4 {1/2-1/2 Emms,J-Piket,J/
Mondariz 2000/CBM 79 [Mikhalevski,V] (25)}) 16... Bg6 17. Nf5 O-O 18. a4 Rfe8 (
18... d4 19. axb5 axb5 20. Be4 Rfe8 21. Qd3 $14 {1/2-1/2 Haba,P-Marin,M/
Budapest 1993/CBM 34 (31)}) 19. axb5 axb5 20. Bd3 {[%csl Rb5] The Pb5 is a
target for white's pieces.} Rb8 21. Qe2 Ncd8 22. Ra5 $1 {This strong move was
introduced by Khalifman.} (22. Ra7 d4 23. N3xd4 Bxf5 24. gxf5 Nxd4 25. cxd4
Qxd4 26. Rxc7 Bxb4 27. Bb2 Qf4 $132 {1/2-1/2 Zarnicki,P-Sorin,A/Pena City 1996/
CBM 55 ext (47)}) 22... c6 (22... d4 23. Rd1 c6 24. N3xd4 Bg5 25. Nxe6 Nxe6 26.
Bc4 Qc7 27. Bxe6 Bxc1 28. Rd7 Qb6 29. Bxf7+ Bxf7 30. Raa7 $18 {1-0 Khalifman,
A-Marin,M/Istanbul 2000/EXT 2001 (32)}) 23. Be3 Bf8 24. h3 $146 (24. Rea1 Nc7
25. h3 Nde6 26. Qa2 c5 $132 {1/2-1/2 Costantini,R-Naumkin,I/Estensi 2001/CBM
82 ext (39)}) 24... Qc7 $6 {This move is not to the point.} ({Possible is} 
24... Nc7 {/\ Nde6 and c6-c5 like in the above-mentioned game
Costantini-Naumkin.}) 25. Rea1 Rb7 (25... f6 26. exf6 Nf4 27. Bxf4 Qxf4 28.
Ne7+ $1 Bxe7 29. Bxg6 hxg6 30. fxe7 $18) 26. Ra8 f6 $6 {Black is not patient
and trying to get active counterplay at any price, but this move actually
plays in white's hands.} ({Better was to admit the mistake made on 24th move:} 
26... Qd7 {with the idea Ne6-c7 and Nd8-e6 or c6-c5 somewhere.}) 27. exf6 Nf4
28. Qd2 Nde6 $2 {After this move black's position collapses.} ({The least of
the evils for black was} 28... Nxd3 29. Qxd3 gxf6 30. N3h4 $16) 29. Ne7+ $1
Bxe7 30. Bxg6 Nxh3+ 31. Kf1 ({Also winning was} 31. Kg2 Nhf4+ 32. Bxf4 Nxf4+
33. Qxf4 $1 Qxf4 34. f7+ Qxf7 35. Rxe8+ $18) 31... Rxa8 32. Rxa8+ Bd8 33. Bf5
Kf7 34. Bxe6+ Kxe6 35. Kg2 {[%csl Rh3]} g5 36. Kxh3 h5 37. Nxg5+ 1-0

[Event "American Continental 2nd"]
[Site "Buenos Aires"]
[Date "2003.08.21"]
[Round "4"]
[White "Vescovi, Giovanni P"]
[Black "Sagalchik, Gennadij"]
[Result "1-0"]
[WhiteElo "2618"]
[BlackElo "2491"]
[Annotator "Postny,E"]
[PlyCount "47"]
[EventDate "2003.08.17"]
[EventType "swiss"]
[EventRounds "11"]
[EventCountry "ARG"]
[SourceTitle "CBM 097"]
[Source "ChessBase"]
[SourceDate "2003.11.11"]
[SourceVersion "1"]
[SourceVersionDate "2003.11.11"]
[SourceQuality "1"]

1. e4 e5 2. Nf3 Nc6 3. Bb5 a6 4. Ba4 Nf6 5. O-O Nxe4 6. d4 b5 7. Bb3 d5 8. dxe5
Be6 9. Nbd2 Nc5 10. c3 Bg4 (10... Nxb3 $6 {- see the annotated game Leitao,
R-Sega,C/Sao Paulo 2002/CBM 88 [Postny]}) ({The alternative} 10... d4 {is
sharp and risky.}) 11. Bc2 Be7 {Another popular way of play goes with 11...Qd7
followed by 12...Rd8.} ({Very rare is} 11... d4 {- see the annotated game Leko,
P-Anand,V/Tilburg 1998/EXT 99 [Mikhalevski,V]}) 12. Re1 O-O 13. Nb3 (13. Nf1 {
is a different plan in this position. The choice between 13.Nb3 and 13. Nf1 is
a matter of taste.}) 13... Ne4 {This continuation has very bad statistics for
black.} ({The most popular continuation is} 13... Ne6 {- see the annotated
game Naiditsch,A-Kortschnoj,V/Zurich 2002/CBM 91 [Postny]}) (13... Re8 14. Nxc5
Bxc5 15. Bf4 Qd7 16. h3 Bxf3 17. Qxf3 $14 {1/2-1/2 Topalov,V-Sokolov,I/Antwerp
1997/CBM 61 [Mikhalevski,V] (36)}) 14. Bf4 f6 (14... Re8 15. h3 Bh5 16. a4 bxa4
17. Rxa4 Bf8 18. Nbd4 Nxe5 19. Bxe5 Rxe5 20. g4 Qf6 21. Nc6 Rg5 22. Bxe4 dxe4
23. Nxg5 Qxg5 24. Raxe4 {1-0 Kasparov,G-Krasenkow,M/Bled 2002/EXT 2003 (24)}) (
14... f5 15. exf6 {- see 14...f6.}) 15. exf6 Nxf6 16. Qd3 Ne4 $2 {[%mdl 8192]
Just a tactical blunder. It's quite strange, that such a mistake happens to GM
Sagalchik, who has big experience in Open Variation of Rui Lopez.} (16... Qd7
17. Ne5 Nxe5 18. Bxe5 g6 19. Qd4 c6 20. f3 Bf5 21. Bxf5 Qxf5 22. Qb6 Qd7 23. a4
$14 {1-0 Almasi,Z-Kortschnoj,V/Linz 1997/CBM 59 [Mikhalevski,V] (33)}) {
[%tqu "En","Black's last move was very careless. How can white punish for it?",
"","","f4c7","",5]} 17. Bxc7 $1 Qd7 (17... Qxc7 18. Qxd5+ $18 {[%csl Re4,Rg8]})
18. Ne5 $1 Nxe5 19. Bxe5 {White is a pawn up for nothing.} Bh4 20. Bg3 Bxg3 21.
hxg3 {It's unbelievable, but all this already happened in a classic game
Alekhine-Nimzowitsch!} Rxf2 $2 $146 {A novelty and a miscalculation as well
which ends the game immediatly.} (21... Bf5 22. Qe2 Bg4 23. Qd3 Bf5 24. Qd4
Rfd8 25. Rad1 Qc7 26. Nd2 Nxf2 27. Bxf5 Nxd1 28. Rxd1 Qxg3 29. Be6+ Kh8 30.
Bxd5 $18 {1-0 Alekhine,A-Nimzowitsch,A/St Petersburg 1914/EXT 99 (48)}) 22.
Rxe4 Bf5 23. Kxf2 Bxe4 24. Qd2 {An instructive example of an opening
catastrophe.} (24. Qd2 Qf5+ 25. Kg1 Bxc2 26. Nd4 {[%csl Rc2,Rf5] This is the
point. White remains with a piece up.}) 1-0

[Event "American Continental 2nd"]
[Site "Buenos Aires"]
[Date "2003.08.28"]
[Round "10"]
[White "Flores, Diego"]
[Black "Sagalchik, Gennadij"]
[Result "1-0"]
[WhiteElo "2439"]
[BlackElo "2491"]
[Annotator "Postny,E"]
[PlyCount "149"]
[EventDate "2003.08.17"]
[EventType "swiss"]
[EventRounds "11"]
[EventCountry "ARG"]
[SourceTitle "CBM 097"]
[Source "ChessBase"]
[SourceDate "2003.11.11"]
[SourceVersion "1"]
[SourceVersionDate "2003.11.11"]
[SourceQuality "1"]

1. e4 e5 2. Nf3 Nc6 3. Bb5 a6 4. Ba4 Nf6 5. O-O Nxe4 6. d4 b5 7. Bb3 d5 8. dxe5
Be6 9. Nbd2 Nc5 10. c3 Bg4 ({The alternatives are:} 10... d4) ({and} 10... Be7)
11. Bc2 Qd7 (11... Be7 {is another main line.}) (11... Ne6 12. Re1 Bc5 {
- see the annotated game Grischuk,A-Piket,J/Wijk aan Zee 2002/CBM 87 [Postny]})
12. Re1 Rd8 (12... Ne6 {- see the annotated game Cuijpers,F-Sokolov,I/Wijk aan
Zee 2002/CBM 87 [Postny]}) 13. Nb3 {Another plan goes with 13.Nf1 or white can
play 13.h3 at first.} (13. h3 Bh5 14. Nf1 Be7 15. g4 Bg6 16. Ng3 Bxc2 17. Qxc2
Ne6 18. a4 O-O 19. axb5 axb5 20. Nf5 Rfe8 21. Be3 Bf8 $11 {1/2-1/2 Movsesian,
S-Ivanchuk,V/Polanica Zdroj 2000/CBM 79 (80)}) (13. Nf1 {- see the annotated
game Ramesh,R-Ledger,D/Torquay 2002/CBM 91 [Postny]}) 13... Ne6 (13... Be7 14.
h3 Bh5 15. Nxc5 Bxc5 16. a4 Ne7 17. axb5 axb5 18. Qe2 (18. b4 Bb6 19. Be3 Bxe3
20. Rxe3 $14 {1/2-1/2 Smirin,I-Sokolov,I/Istanbul 2000/EXT 2001 (39)}) 18...
Bxf3 19. Qxf3 O-O 20. h4 $14 {1-0 Short,N-Mikhalevski,V/Ohrid 2001/CBM 84 (44)}
) 14. a4 ({Another possibility is:} 14. h3 Bh5 15. Bf5 Bg6 16. g4 Be7 17. Nfd4
Ncxd4 18. cxd4 O-O 19. Bd2 $14 {1/2-1/2 Liu Dede-Sokolov,I/Jakarta 1996/CBM 56
(64)}) 14... Bh5 $146 {Interesting novelty, but it does not seem to solve all
black's problems.} (14... b4 15. Qd3 Nb8 16. Nbd4 c5 17. Nxe6 Bxe6 18. Bg5 $36
{1-0 Hernandez,G-Sagalchik,G/Linares 1994/EXT 97 (40)}) (14... Be7 15. axb5
axb5 16. Qd3 Bh5 (16... Rb8 17. Nfd4 Ncxd4 18. cxd4 c5 19. Qg3 Bh5 20. Nxc5
Bxc5 21. dxc5 $16 {1/2-1/2 Rodriguez Cespedes,A-Kharitonov,A/Bayamo 1989/EXT
97 (50)}) 17. Qxb5 Bxf3 18. gxf3 Nxe5 19. Qxd7+ Nxd7 20. f4 Rc8 (20... g6 21.
f5 gxf5 22. Bxf5 $14 {1/2-1/2 Ramesh,R-Tu Hoang Thong/Jodhpur 2003 (53)}) 21.
f5 Nd8 22. Bf4 Nc6 23. Na5 Nxa5 24. Rxa5 $16 {1-0 Paschall,W-Sagalchik,G/
Seattle 2002/CBM 87 (53)}) 15. axb5 axb5 16. Bd3 Rb8 17. Qe2 Ne7 (17... b4 $2
18. Bb5 {and black is in trouble.}) 18. Be3 ({Probably stronger is} 18. Nbd4)
18... Ng6 19. Nbd4 Nxd4 (19... Ngf4 20. Bxf4 Nxf4 21. Qe3 $16) 20. cxd4 Nh4 21.
Bg5 Nxf3+ (21... Bxf3 22. gxf3 Be7 23. Bxh4 Bxh4 24. Qc2 g6 $14) 22. gxf3 Bb4 (
22... Bg6 $6 23. Ra7 $16) 23. e6 $1 {Just in time. This breakthrow gives white
the initiative, even without queens.} fxe6 24. Qxe6+ Qxe6 25. Rxe6+ Kf7 (25...
Kd7 $2 26. Bf5 $40) 26. Re5 Bg6 $2 (26... Bxf3 $1 {This capture looks
extremely dangerous, but it seems to work (with help of "Fritz"!):} 27. Rf5+
Kg6 28. Ra6+ Bd6 29. Rxd5+ Kh5 30. Bd8+ $6 (30. Rf5 Bg4 $11) 30... Bxd5 31.
Be2+ Kh6 32. Bxc7 Rbc8 33. Rxd6+ g6 $15) 27. Bf1 $1 {Now black can not avoid
the loss of material in a satisfatory way.} Bd6 (27... c6 28. Ra7+ Kg8 29. Be7
$40) (27... h6 28. Bh4 Rb7 29. Rxd5 (29. Bh3 $1 Re8 30. Bd7 $16) 29... c6 30.
Re5 Bd6 31. Re3 Bf5 $14) 28. Rxd5 Ke6 29. Rxb5 Rxb5 30. Bxb5 Kd5 $6 {Probably
overlooking white's reply.} (30... Rb8 {was relatively better.}) 31. Ra5 $1 Rb8
(31... Kxd4 $2 32. Ba6 $1 {[%csl Rd4][%cal Gg5e3]} c5 33. Be3+ Kd5 34. b4 $18)
32. Be2+ Ke6 33. Bc4+ Kd7 34. b3 {White is two pawns up, but the winning
process is far from easy.} Bc2 35. Rb5 Rf8 36. Kg2 Kc6 37. Ra5 Rb8 38. Bd5+ Kd7
39. Be4 Bxb3 (39... Bxe4 40. fxe4 Rxb3 41. e5 $18 {[%csl Gd4,Ge5]}) 40. Bxh7
Bb4 41. Re5 Bd6 42. Re3 Be6 43. Be4 Rb5 44. h4 Bb4 45. Bc6+ $1 {Correct
simplification.} Kxc6 46. Rxe6+ Kd7 47. Rg6 Bf8 48. Kg3 Rd5 49. Be3 Ke7 50. Rg5
Rd7 {White's winning process is still not so easy because of double pawns.} 51.
Kg4 Kf7 52. h5 Be7 53. Rf5+ Kg8 54. d5 Bf6 55. Bf4 Kh7 56. Bg3 Kg8 ({A bit
more stubborn was} 56... Bd4) 57. h6 Kh7 58. Bf4 Kg6 59. Rh5 gxh6 60. Rxh6+ Kg7
61. Kf5 $1 Rxd5+ 62. Ke6 Bg5 (62... Ra5 63. Rxf6 Ra6+ 64. Ke7 Rxf6 65. Be5 $18)
(62... Rd6+ 63. Bxd6 Kxh6 64. Kxf6 cxd6 65. f4 d5 66. Ke5 Kg6 67. f5+ $18) 63.
Kxd5 $4 ({Simply winning was} 63. Rh3 $18 {[%csl Rd5,Rg5][%cal Gh3g3]}) 63...
Bxh6 64. Be3 (64. Bxc7 Kf7 $11) (64. Bxh6+ Kxh6 65. Ke6 c5 $11) 64... Kg6 65.
Ke6 Bg5 $4 {The losing move.} (65... Kh5 $1 66. Kf6 (66. Bxh6 Kxh6 67. f4 Kg7
$1 68. Ke7 Kg6 $11) (66. f4 c5 67. f5 Bxe3 68. fxe3 c4 69. f6 c3 70. f7 c2 71.
f8=Q c1=Q $14) 66... Bf8 67. f4 c5 68. f5 c4 {I do not see a win for white in
this endgame.}) 66. f4 {Now white is winning, since black can neither block
white's pawn, nor to move his "c" pawn forward.} Bh4 67. f5+ Kg7 68. Bd4+ Kh7
69. f6 Bg5 70. f7 Bh6 71. f4 ({Why not} 71. Bc5 {?}) 71... Bf8 72. f5 c5 73.
Bc3 Kh6 74. Kd7 Kg5 75. Ke8 1-0

[Event "Bundesliga 0304"]
[Site "Germany"]
[Date "2004.03.08"]
[Round "11.4"]
[White "Polzin, Rainer"]
[Black "Holzke, Frank"]
[Result "1/2-1/2"]
[WhiteElo "2489"]
[BlackElo "2471"]
[Annotator "Postny,E"]
[PlyCount "136"]
[EventDate "2003.11.01"]
[EventType "team-tourn"]
[EventRounds "15"]
[EventCountry "GER"]
[SourceTitle "CBM 100"]
[Source "ChessBase"]
[SourceDate "2004.06.01"]
[SourceVersion "1"]
[SourceVersionDate "2004.06.01"]
[SourceQuality "1"]
[WhiteTeam "Neukoelln"]
[BlackTeam "Wattenscheid"]
[WhiteTeamCountry "GER"]
[BlackTeamCountry "GER"]

1. e4 e5 2. Nf3 Nc6 3. Bb5 a6 4. Ba4 Nf6 5. O-O Nxe4 6. d4 b5 7. Bb3 d5 8. dxe5
Be6 9. Nbd2 Nc5 10. c3 Bg4 ({Other theoretical alternatives are:} 10... d4) ({
and} 10... Be7) 11. Bc2 Be7 (11... Ne6 12. Re1 Bc5 {- see the annotated game
Grischuk,A-Piket,J/Wijk aan Zee 2002/CBM 87 [Postny,E]}) ({Another popular
continuation is} 11... Qd7) 12. Re1 O-O 13. Nf1 ({The alternative plan goes
with} 13. Nb3 {. For instanse see the game Naiditsch,A-Kortschnoj,V/Zurich
2002/CBM 91 [Postny,E]}) 13... Re8 ({Leads to a sharp play} 13... d4 {as in
the game Shirov,A-Mikhalevski,V/Bastia 2002/CBM 92 [Postny,E]}) 14. Ne3 {
Objectively speaking, this line does not yield white any advantage.} (14. Bf4 {
appeared in the game Ivanov,S-Yemelin,V/St Petersburg 2002/CBM 89 [Postny,E]})
({Popular alternative is} 14. h3) 14... Nxe5 (14... Bxf3 15. Qxf3 Nxe5 {
- see the annotated game Kotsur,P-Sorokin,M/Calcutta 2002/CBM 88 (1/2-1/2, 44)
[Postny,E]}) 15. Bxh7+ (15. Nxg4 Nxg4 16. Bf4 Ne6 17. Rxe6 fxe6 18. Nd4 Bf6 19.
Qxg4 e5 20. Qh5 g6 21. Bxg6 hxg6 22. Qxg6+ Bg7 23. Bg5 Qd6 24. Qxd6 cxd6 25.
Nf5 $44 {1/2-1/2 Pfrommer,C-Van der Sterren,P/Biel 1991/EXT 2000 (41)}) 15...
Kxh7 16. Qc2+ Kg8 ({After} 16... Ng6 17. Nxg4 {white has slight advantage, due
to vulnerable position of black's king.}) 17. Nxe5 Bh5 (17... Be6 18. Nc6 Qd6
19. Nxe7+ Rxe7 20. b3 Nd7 21. Bb2 Rae8 $11 {0-1 Wang Zili-Jussupow,A/Novi Sad
1990/TD (36)}) 18. Qf5 ({After} 18. g4 $6 Bg6 19. Nxg6 fxg6 20. Qxg6 Bd6 {
[%csl Rg1] black has excellent compensation for the pawn.}) 18... Bf6 19. Nc6
$6 {Kortschnoj evaluates this move as a bad one...} (19. Qxh5 Rxe5 20. Qd1 $1 {
Kortschnoj}) 19... Qd6 $6 $146 ({Black gets a slightly better endgame after} 
19... Bg6 $1 20. Qxg6 fxg6 21. Nxd8 Raxd8 {- Leko,P-Kortschnoj,V/Ubeda 1997/
CBM 58 [Kortschnoj]}) 20. Qxh5 Qxc6 21. Rd1 Rad8 {Black's pieces are well
developed, but his king is slightly vulnerable. The position is approximately
equal.} 22. Ng4 Ne4 $6 (22... Nd3 $6 23. Bg5 Bxg5 24. Rxd3 {[%cal Gd3h3]} Qg6
25. Qxg6 fxg6 26. Kf1 $14 {[%cal Ga2a4]}) (22... g6 23. Nxf6+ Qxf6 24. Qh6 Ne6
$11 {This is the best location for the knight.}) 23. Be3 g6 24. Nxf6+ Nxf6 ({
Slightly better was to recapture with the queen:} 24... Qxf6) 25. Qf3 {White
is hoping to make use of the weak dark squares in the opponent's camp.} Qe6 (
25... Re6 $5 26. Bd4 Rde8) 26. Qg3 c5 (26... Rd7 27. Bd4 $36) 27. Qh4 $6 {
It's not clear, why white refrained from capturing the Pc5.} (27. Bxc5 Ne4 28.
Qe3 Nxc5 29. Qxc5 Qe2 30. Rab1 $16) 27... Qf5 ({After} 27... Nd7 28. b4 {
[%csl Gd4] white has a dangerous initiative.}) 28. Bxc5 Re4 29. Qh3 $5 {
White decided to transform the position to an endgame, where he has a small,
but stable advantage.} (29. Qg3 Re2 {[%csl Rb2][%cal Gf6e4] with some
compensation.}) 29... Qxh3 30. gxh3 Nh5 (30... Re2 31. Kf1 Rxb2 $2 32. Be7 $18)
31. Be3 Nf4 32. Bxf4 Rxf4 33. Rd3 $14 {White's extra pawn is doubled, so it's
unlikely for him to win this endgame against accurate defense.} b4 $1 {The
defensive side should exchange pawns.} 34. cxb4 Rxb4 35. b3 Re4 $6 ({Stronger
was} 35... a5 {[%cal Ga5a4] continuing the strategy of exchanging pawns.}) 36.
Kf1 Kg7 37. Re1 $1 ({After} 37. Rc1 Rd6 {white does not achieve much.}) 37...
Rxe1+ 38. Kxe1 Kf6 39. Kd2 Ke5 40. Re3+ Kd6 41. Rf3 Ke6 42. Rf4 $1 {White is
intending to transfer his rook to the queenside via 4th rank.} Rh8 ({Black
does not want to go for passive defense after} 42... Rc8 43. Ra4 Rc6) 43. h4 f6
{[%cal Gg6g5]} 44. Ra4 Ke5 45. Ke3 ({After} 45. Rxa6 Rxh4 {black should
maintain the balance thanks to his active pieces.}) 45... g5 46. h3 {Inviting
black to transform to a lost pawns endgame...} Rc8 47. hxg5 fxg5 48. Rg4 $5 {
Interesting decision. White refrains from capturing the Pa6.} (48. Rxa6 {
white is getting two connected passed pawns. On the other hand, it does not
garantie a win for white, for instanse:} Rc3+ 49. Ke2 Rxh3 50. b4 (50. Ra8 $5)
50... Rh4 $1 51. b5 (51. a3 Re4+ 52. Kd3 Rd4+ $132) 51... Rb4 52. b6 Ke4 53.
f3+ Kd4 54. a4 Rb2+ 55. Kd1 Kc3 {and black is not worse.}) 48... Kf5 (48...
Rc3+ 49. Kd2 Rxh3 50. Rxg5+ Ke4 51. Rg6 a5 52. Ra6 $18) 49. Rg3 Rc2 50. a4 Rb2
51. Kd4 Ke6 (51... Rxf2 $2 52. Kxd5 $18 {[%csl Ra6][%cal Gd5c5,Gc5b6]}) 52.
Rxg5 Rxb3 53. Re5+ (53. Rg6+ Kd7 54. Rxa6 Rxh3 55. Kxd5 Rf3 $11) 53... Kf6 $2 (
{The right move was} 53... Kf7 $1 54. Kxd5 Rxh3 55. f4 Ra3 56. Re4 a5 $1 57.
Kc6 Rb3 $1 58. Re5 Rb4 59. Rxa5 Rxf4 60. Ra7+ Kg6 {reaching the theoretical
draw, like in the game later:} 61. a5 Rf6+ 62. Kd5 Rf5+ 63. Ke4 Rc5 $11) 54.
Kxd5 Rxh3 55. Re6+ Kf7 56. Rxa6 Rf3 57. a5 $2 {Missing the win.} (57. Re6 $3 {
[%mdl 4096]} Rxf2 58. Re4 Rc2 (58... Ra2 59. Kc5 Kf6 60. Kb5 Kf5 61. Re8 $18)
59. Kd6 $1 Rc1 60. a5 Ra1 61. Re5 $18) 57... Rxf2 58. Ra8 Rf5+ 59. Kc6 Kg7 $1 {
Black reached a theoretically drawn position.} 60. Ra7+ Kg6 61. a6 Rf6+ 62. Kd5
Rf5+ 63. Ke4 Rf6 64. Ra8 Kg7 65. Ke5 Rb6 66. Kd5 Rf6 67. Kc5 Rf5+ 68. Kb4 Rf4+
1/2-1/2